Statistics for Countries that are Large compared with their combined Neighbours

Click here to take the quiz!

General Stats

  • This quiz has been taken 627 times
  • The average score is 12 of 17

Answer Stats

RATIOCOUNTRY% Correct
106%Russia
98%
96%Brazil
96%
105%Canada
89%
42%United Kingdom
85%
236%Indonesia
84%
49%Democratic Republic of the Congo
83%
145%Saudi Arabia
80%
40%Algeria
77%
49%Iran
76%
46%South Africa
76%
80%United States
75%
68%Sweden
60%
175%Dominican Republic
58%
83%South Korea
49%
80%Nicaragua
45%
57%Haiti
41%
43%Honduras
36%

Score Distribution

Percentile by Number Answered

Percent of People with Each Score

Your Score History

You have not taken this quiz